The Concept of death and the afterlife presented in many lives , many masters by Dr. Brian Weiss the death and the afterlife in Buddhist Philosophy (Record no. 8555)

MARC details
000 -LEADER
fixed length control field 00486nam a22001337a 4500
008 - FIXED-LENGTH DATA ELEMENTS--GENERAL INFORMATION
fixed length control field 201006b ||||| |||| 00| 0 eng d
082 ## - DEWEY DECIMAL CLASSIFICATION NUMBER
Classification number ENGLISH CAPSTONE NO.39
100 ## - MAIN ENTRY--PERSONAL NAME
Personal name Thatal, Sabnam
245 ## - TITLE STATEMENT
Title The Concept of death and the afterlife presented in many lives , many masters by Dr. Brian Weiss the death and the afterlife in Buddhist Philosophy
260 ## - PUBLICATION, DISTRIBUTION, ETC.
Place of publication, distribution, etc. Thimphu :
Name of publisher, distributor, etc. Royal Thimphu College,
Date of publication, distribution, etc. 2020.
300 ## - PHYSICAL DESCRIPTION
Extent 31 p.
Dimensions 30 cm.
650 ## - SUBJECT ADDED ENTRY--TOPICAL TERM
Topical term or geographic name entry element Students work casptone
942 ## - Added entry Elements (Koha)
Source of classification or shelving scheme Dewey Decimal Classification
Holdings
Withdrawn status Lost status Source of classification or shelving scheme Damaged status Not for loan Collection code Home library Current library Shelving location Date acquired Serial Enumeration / chronology Total Checkouts Total Renewals Full call number Barcode Date last seen Date last checked out Price effective from Koha item type
    Dewey Decimal Classification     Student work RTC Library RTC Library Student work 06/10/2020 14679 3 1 ENGLISH CAP NO.39 30014698 28/04/2025 25/03/2025 06/10/2020  
Royal Thimphu College || All Right Reserved